00504nam a22001697a 450000500170000001000150001702000250003203500140005703700130007108200150008410000210009924500580012026000340017827000570021230000260026950000390029520181008114621.0 aENG-124207 c195.00a97881838188X aEN-107739 bDBAD/PUB a495.782421 aMishra, Ravikesh aLearn to speak and write korean /cby Ravikesh Mishra aNew Delhic2011bLotus Press  bNew Delhia4263/3, Ansari Raod, Darya Ganj, e110002 a205p.c21(pbk.)bill. aIt includes word glossary and C.D.